ბათუმის შოთა რუსთაველის სახელმწიფო უნივერსიტეტის ბიბლიოთეკა

курсу начертательной геометрии (ბიბ.ჩანაწერი № 38871)

000 -LEADER
fixed length control field 00850nam a2200229Ia 4500
001 - CONTROL NUMBER
control field 5284
003 - CONTROL NUMBER IDENTIFIER
control field GE_BSU
008 - FIXED-LENGTH DATA ELEMENTS--GENERAL INFORMATION
fixed length control field 181216s||||||||xx |||||||||||||| ||und||
040 ## - CATALOGING SOURCE
Transcribing agency GE_BSU
080 ## - UNIVERSAL DECIMAL CLASSIFICATION NUMBER
Universal Decimal Classification number 514.18(075.8)
100 ## - MAIN ENTRY--PERSONAL NAME
Personal name Гордон, В О.Семенцев-Огиевский М.А.
245 ## - TITLE STATEMENT
Title курсу начертательной геометрии
245 ## - TITLE STATEMENT
Remainder of title Учебное пособие для студ. машиностроит и приборостроит. спец. вузов
245 ## - TITLE STATEMENT
Statement of responsibility, etc. Под.ред. В.О.Гордона
250 ## - EDITION STATEMENT
Edition statement изд.22-ое
260 ## - PUBLICATION, DISTRIBUTION, ETC.
Place of publication, distribution, etc. Москва
260 ## - PUBLICATION, DISTRIBUTION, ETC.
Name of publisher, distributor, etc. Наука, Гл ред физ-мат лит-ры
260 ## - PUBLICATION, DISTRIBUTION, ETC.
Date of publication, distribution, etc. 1977
300 ## - PHYSICAL DESCRIPTION
Extent 364 с 22 см.
653 ## - INDEX TERM--UNCONTROLLED
Uncontrolled term Сборник задач по курс начертательной геометрии
942 ## - ADDED ENTRY ELEMENTS (KOHA)
Koha item type წიგნი
ეგზემპლარები
Withdrawn status Lost status Damaged status Not for loan Date acquired Barcode Date last seen Price effective from Koha item type
        2018-12-17 16248 2018-12-17 2018-12-17 წიგნი